00766cam a22002411 450000100060000000300080000600500170001400800390003103500190007003500180008904000280010704100080013508200180014310000320016124500520019326000420024530000330028750000200032065000230034094200120036399900170037595201320039215303BD-RjUL20211208235805.0140209s1950 xx 001 0 eng a(BD-RjUL)15357 a(OCoLC)653025 aDLCcOClUdBD-RjULbeng aeng00a657bMAI 19501 aMauriello, Joseph A.94756110aIntermediate accounting /cJoseph A. Mauriello. aNew York :bRonald Press Co.,cc1950. aviii, 798p. :c24cm.bill. ; aIncludes index. 0aAccounting.947562 2ddccBK c15303d15303 00102ddc40718NFICaRUCLbRUCLcReadingd1974-03-11eCanada Govt.l0o657 MAI 1950r2014-02-09 00:00:00tC-1w2014-02-09yBK